LIBRARY & INFORMATION CENTRE, KCAET, TAVANUR

ONLINE PUBLIC ACCESS CATALOGUE (OPAC)

Engineering chemistry: A text book / (Record no. 10354)

MARC details
000 -LEADER
fixed length control field 00434cam a2200157ua 4500
041 ## - LANGUAGE CODE
Language code of text/sound track or separate title eng
082 ## - DEWEY DECIMAL CLASSIFICATION NUMBER
Classification number 540.0162
Item number BAL/EN
100 ## - MAIN ENTRY--AUTHOR NAME
Personal name Balasubrahmanian, M R .
245 ## - TITLE STATEMENT
Title Engineering chemistry: A text book /
260 ## - PUBLICATION, DISTRIBUTION, ETC. (IMPRINT)
Place of publication Mumbai :
Name of publisher Allied Publishers Pvt Ltd ,
Year of publication 1997.
300 ## - PHYSICAL DESCRIPTION
Number of Pages 538 ; .
700 1# - ADDED ENTRY--PERSONAL NAME
Personal name Krishnamoorthy, S .
942 ## - ADDED ENTRY ELEMENTS (KOHA)
Koha item type Books
Holdings
Withdrawn status Lost status Damaged status Home library Current library Date acquired Full call number Accession Number Koha item type
      KAUAET KAUAET 07/04/2012 540.0162 BAL/EN 20176 Books
free website counter